000 00845nam a2200253 a 4500
001 000025130
005 20200930023558.0
008 110210s1992 sp a r 000 0 spa d
020 _a8477901473
040 _aDO-SdBNP
_bspa
_cBNPHU
082 _a621.2
_bG643f
100 1 _aGonzález Tascón, Ignacio,
_d1947-2006
_927264
245 1 0 _aFábricas hidráulicas españolas /
_cIgnacio González Tascón.
260 _aMadrid, (España) :
_bCEDEX,
_c1992.
300 _a534 p. :
_bil. ;
_c24 cm.
490 1 _aBiblioteca CEHOPU
504 _aIncluye referencias bibliográficas (p.515-529)
650 4 _aIngeniería hidráulica
_951516
650 4 _aMáquinas hidráulicas
_951517
650 4 _aIndustria de las máquinas hidráulicas
_951518
650 4 _aEnergía hidráulica
_951519
830 0 _aBiblioteca CEHOPU
_919189
049 _aBNGR
999 _c24623
_d24623